000 00886nam a2200277 4500
003 OSt
005 20260530113848.0
008 260417b1999 mx a|||| |||| 00| 0 spa d
020 _a9688873594
020 _a9789688873595
040 _aICI
_bspa
_cICI
050 _aNK1570
_bS3618
245 0 3 _aEl cuadrado /
_ceditor Bruno Munari ; vers. castellana de Mar Nuñez
_bmás de 300 ejmplos ilustrados sobre la forma cuadrada
264 1 _bGustavo Gili,
_c1999
_aMéxico :
300 _a154 páginas
336 _atexto
_2rdacontent
337 _asin medio
_2rdamedia
338 _avolumen
_2rdacarrier
500 _aTraduccion de : La scoperta del quadrato
650 4 _aCuadrados en el arte
_930943
650 4 _aCuadrados
_930944
650 4 _aDiseño
_92672
700 1 _aNuñez, Mar,
_etraductor
_930945
700 1 _aMunari, Bruno,
_d1907-1998,
_eeditor
_930946
942 _2lcc
_cBK
999 _c11364
_d11364